Regionálne hospodárske dejiny Slovenska
Na minha lista:
| Autor principal: | |
|---|---|
| Formato: | Livro |
| Idioma: | eslovaco |
| Publicado em: |
Trenčín
Trenčianska univerzita Alexandra Dubčeka. Fakulta sociálno-ekonomických vzťahov
2018
|
| Edição: | 1. vydanie |
| Assuntos: | |
| Tags: |
Sem tags, seja o primeiro a adicionar uma tag!
|
MARC
| LEADER | 00000nam a2200000 4500 | ||
|---|---|---|---|
| 001 | 0265189 | ||
| 005 | 20230425131011.5 | ||
| 020 | |a 978-80-8075-790-8 | ||
| 041 | 0 | |a slo | |
| 044 | |a SK | ||
| 245 | 1 | 0 | |a Regionálne hospodárske dejiny Slovenska |c Zsolt Horbulák ; recenzenti: Jaroslav Holomek, Karol Janas |
| 250 | |a 1. vydanie | ||
| 264 | 1 | |a Trenčín |b Trenčianska univerzita Alexandra Dubčeka. Fakulta sociálno-ekonomických vzťahov |c 2018 | |
| 300 | |a 149 s. | ||
| 610 | 2 | 0 | |a dejiny hospodárske |
| 610 | 2 | 0 | |a regióny |
| 610 | 2 | 0 | |a vývoj hospodársky |
| 610 | 2 | 0 | |a história |
| 610 | 2 | 0 | |a Slovensko |
| 100 | 1 | |a Horbulák, Zsolt, 1972- | |